| 000 | 00787nam a2200229 a 4500 | ||
|---|---|---|---|
| 001 | 000034793 | ||
| 005 | 20200930073916.0 | ||
| 008 | 111019s1957 mx ac 000 0bspa d | ||
| 040 |
_aDO-SdBNP _bspa _cBNPHU |
||
| 082 |
_a923.2 _bM392M |
||
| 100 | 1 |
_aMehring, Franz, _d1846-1919 _960292 |
|
| 240 | 1 | 0 |
_aKarl Marx: geschichte seines lebens _lespañol |
| 245 | 1 | 0 |
_aCarlos Marx : _bhistoria de su vida / _cFranz Mehring ; traducción del alemán y prólogo W. Roces. |
| 260 |
_aMéxico : _bGrijalbo, _c1957. |
||
| 300 |
_a558 p. ; _c22 cm. |
||
| 490 | 1 | _aBiografías Gandesa | |
| 500 | _aTraducido del alemán. | ||
| 600 | 1 | 4 |
_aMARX, CARLOS, _d1818-1883 _95975 |
| 700 | 1 | 2 |
_aRoces, W.. _epról. _960293 |
| 830 | 0 |
_aBiografías Gandesa _960294 |
|
| 910 | _aValidado. Control de calidad BNPHU | ||
| 999 |
_c34284 _d34284 |
||